| 000 | 00885nam a22002417a 4500 | ||
|---|---|---|---|
| 005 | 20240530110452.0 | ||
| 008 | 150514s2011 ua do g b 001 0dara d | ||
| 017 |
_a23990 _bمصر . دار الكتب المصرية |
||
| 020 | _a9770527017 | ||
| 040 | _aEG-CaGPL | ||
| 082 | 0 | 4 |
_221 _a152\ _bس ع |
| 100 | 0 | _aسامى عبدالقوى | |
| 245 | 1 | 0 |
_aعلم النفس العصبى : _bالاسس وطرق التقييم / _cسامى عبدالقوى |
| 250 | _aط2 | ||
| 260 |
_aالقاهرة : _bمكتبة الانجلو المصرية ، _c2011 . |
||
| 300 |
_a652 ص : _bايض ؛ _c24 سم |
||
| 650 | 0 | 4 | _aعلم النفس العصبى |
| 650 | 0 | 4 |
_aالجهاز العصبى _xفسيولوجيا |
| 650 | 0 | 4 |
_aالجهاز العصبى _xسيكولوجيه |
| 650 | 0 | 4 | _aالجهاز العصبى |
| 650 | 0 | 4 | _aعلم النفس الفسيولوجى |
| 942 |
_2ddc _cBK |
||
| 999 |
_c61269 _d61269 |
||